Подробности
| 000 -МАРКЕР |
| контрольное поле |
02093nam0a2200397 4500 |
| 001 - ИДЕНТИФИКАТОР ЗАПИСИ |
| контрольное поле |
RU\NLR\bibl\1039793 |
| 005 - ИДЕНТИФИКАТОР ВЕРСИИ |
| контрольное поле |
20260405122215.0 |
| 010 ## - МЕЖДУНАРОДНЫЙ СТАНДАРТНЫЙ НОМЕР КНИГИ (ISBN) |
| Номер (ISBN) |
5-89016-243-8 |
| Тираж |
50 |
| 021 ## - НОМЕР ГОСУДАРСТВЕННОЙ РЕГИСТРАЦИИ |
| Код страны |
Российская Федерация |
| Номер |
2006-81622 |
| Номер Листа государственной регистраци |
4136 |
| 035 ## - ДРУГИЕ СИСТЕМНЫЕ НОМЕРА |
| Идентификатор записи |
(NLR Aleph) 001027196 |
| 100 ## - ДАННЫЕ ОБЩЕЙ ОБРАБОТКИ |
| Данные общей обработки |
20070202d2006 |||y0rusy50 ca |
| 101 0# - ЯЗЫК РЕСУРСА |
| Язык текста, звукозаписи и т.д. |
русский |
| Язык резюме |
английский |
| Язык оглавления |
английский |
| 102 ## - СТРАНА ПУБЛИКАЦИИ ИЛИ ПРОИЗВОДСТВА |
| Страна публикации |
Российская Федерация |
| 105 ## - ПОЛЕ КОДИРОВАННЫХ ДАННЫХ: ТЕКСТОВЫЕ МАТЕРИАЛЫ, МОНОГРАФИЧЕСКИЕ |
| Кодированные данные о монографическом текстовом документе |
y ||||||||| |
| 200 1# - ЗАГЛАВИЕ И СВЕДЕНИЯ ОБ ОТВЕТСТВЕННОСТИ |
| Основное заглавие |
Константы национального характера в литературе первой половины XX века |
| Параллельное заглавие |
Constants of national character in the literature of the first half of the XX century |
| Сведения, относящиеся к заглавию |
учебное пособие |
| -- |
[для студентов старших курсов Института филологии] |
| Первые сведения об ответственности |
Н.Ю. Желтова |
| Последующие сведения об ответственности |
Федер. агентство по образованию, Тамб. гос. ун-т им. Г.Р. Державина |
| Язык параллельного заглавия |
английский |
| 210 ## - ПУБЛИКАЦИЯ, РАСПРОСТРАНЕНИЕ И ДР. |
| Место издания, распространения и т.д. |
Тамбов |
| Имя издателя, распространителя и т. д. |
Изд-во ТГУ |
| Дата издания, распространения и т.д. |
2006 |
| 215 ## - ФИЗИЧЕСКАЯ ХАРАКТЕРИСТИКА |
| Специфическое обозначение материала и объем |
166 с. |
| Размеры |
20 |
| 300 ## - ОБЩИЕ ПРИМЕЧАНИЯ |
| Текст примечания |
Авт. также на англ. яз.: N.Y. Zheltova |
| 300 ## - ОБЩИЕ ПРИМЕЧАНИЯ |
| Текст примечания |
Рез. на англ. яз. |
| 320 ## - ПРИМЕЧАНИЯ О НАЛИЧИИ В ДОКУМЕНТЕ БИБЛИОГРАФИИ / УКАЗАТЕЛЯ |
| Текст примечания |
Библиогр.: с. 155-166 и в подстроч. прим. |
| 510 0# - ПАРАЛЛЕЛЬНОЕ ЗАГЛАВИЕ |
| Связь между полями |
z73790 |
| Параллельное заглавие |
Constants of national character in the literature of the first half of the XX century |
| Язык заглавия |
английский |
| 606 1# - НАИМЕНОВАНИЕ ТЕМЫ КАК ПРЕДМЕТ |
| Наименование темы |
Русская советская литература |
| Тематический подзаголовок |
Тематика |
| Системный номер авторитетной/нормативной записи |
913059 |
| Идентификатор авторитетной/нормативной записи |
RU\NLR\auth\6614140 |
| 606 1# - НАИМЕНОВАНИЕ ТЕМЫ КАК ПРЕДМЕТ |
| Наименование темы |
Русская литература |
| Тематический подзаголовок |
Тематика |
| Хронологический подзаголовок |
20 в. |
| Системный номер авторитетной/нормативной записи |
995688 |
| Идентификатор авторитетной/нормативной записи |
RU\NLR\auth\6658972 |
| 606 1# - НАИМЕНОВАНИЕ ТЕМЫ КАК ПРЕДМЕТ |
| Наименование темы |
Национальный характер в художественной литературе |
| Системный номер авторитетной/нормативной записи |
1738994 |
| Идентификатор авторитетной/нормативной записи |
RU\NLR\auth\66777968 |
| 686 ## - ИНДЕКСЫ ДРУГИХ КЛАССИФИКАЦИЙ |
| Индекс |
Ш5(2=Р)7-34 |
| 686 ## - ИНДЕКСЫ ДРУГИХ КЛАССИФИКАЦИЙ |
| Индекс |
Ш5(2=Р)53-34 |
| 700 #1 - ИМЯ ЛИЦА - ПЕРВИЧНАЯ ОТВЕТСТВЕННОСТЬ |
| Код отношения |
Автор |
| Материалы, к которым относится поле |
rus |
| Графика поля |
Кириллица |
| Начальный элемент ввода |
Желтова |
| Часть имени, кроме начального элемента ввода |
Н. Ю. |
| Расширение инициалов личного имени |
Наталия Юрьевна |
| Идентификатор авторитетной/нормативной записи |
RU\NLR\auth\7748087 |
| Системный номер авторитетной/нормативной записи |
31022 |
| 790 #1 - ИМЯ ЛИЦА - АЛЬТЕРНАТИВНАЯ ФОРМА |
| Код отношения |
Автор |
| Материалы, к которым относится поле |
rus |
| Графика поля |
Латинская |
| Начальный элемент ввода |
Želtova |
| Часть имени, кроме начального элемента ввода |
N. Ju. |
| Расширение инициалов личного имени |
Natalija Jur'evna |
| Идентификатор авторитетной/нормативной записи |
RU\NLR\auth\7748091 |
| Системный номер авторитетной/нормативной записи |
31026 |
| 801 #0 - ИСТОЧНИК ЗАПИСИ |
| Страна |
Российская Федерация |
| Организация |
NLR |
| Дата составления |
20070202 |
| Правила каталогизации |
RCR |
| 801 #1 - ИСТОЧНИК ЗАПИСИ |
| Страна |
Российская Федерация |
| Организация |
NLR |
| Дата составления |
20070202 |
| 830 ## - ОБЩЕЕ ПРИМЕЧАНИЕ, СОСТАВЛЕННОЕ КАТАЛОГИЗАТОРОМ |
| Текст примечания |
Авт. по кн |
| 942 ## - ДОПОЛНИТЕЛЬНЫЕ ЭЛЕМЕНТЫ ЗАПИСИ (АБИС) |
| Тип экземпляра АБИС |
Книга |
| 980 ## - КОЛЛЕКЦИЯ |
| Название коллекции |
Национальная библиография |